L1 - Stasjoner - Statistics

General Stats
  • This quiz has been taken 3 times
  • The average score is 16 of 31
Answer Stats
Answer % Correct
Bryn
100%
Alna
67%
Asker
67%
Grorud
67%
Haugenstua
67%
Høvik
67%
Høybråten
67%
Lillestrøm
67%
Lysaker
67%
Nyland
67%
Oslo S
67%
Sandvika
67%
Skøyen
67%
Slependen
67%
Spikkestad
67%
Stabekk
67%
Billingstad
33%
Blommenholm
33%
Bondivann
33%
Fjellhamar
33%
Gullhella
33%
Hanaborg
33%
Heggedal
33%
Høn
33%
Hvalstad
33%
Lørenskog
33%
Nationaltheatret
33%
Røyken
33%
Sagdalen
33%
Strømmen
33%
Vakås
33%
No matching quizzes found
Score Distribution
Percent of People with Each Score
Percentile by Number Answered
Your Score History
You have not taken this quiz